Stanley Cup Winners - Statistics

General Stats
  • This quiz has been taken 888 times
  • The average score is 13 of 15
Answer Stats
Hint Answer % Correct
2011-2012 Los Angeles Kings
98%
2010-2011 Boston Bruins
95%
2009-2010 Chicago Blackhawks
94%
2008-2009 Pittsburgh Penguins
91%
2007-2008 Detroit Red Wings
89%
2006-2007 Anaheim Ducks
85%
2005-2006 Carolina Hurricanes
85%
2003-2004 Tampa Bay Lightning
81%
2000-2001 Colorado Avalanche
80%
2001-2002 Detroit Red Wings
80%
2002-2003 New Jersey Devils
79%
1999-2000 New Jersey Devils
77%
1998-1999 Dallas Stars
75%
1997-1998 Detroit Red Wings
74%
1996-1997 Detroit Red Wings
74%
No matching quizzes found
Score Distribution
Percent of People with Each Score
Percentile by Number Answered
Your Score History
You have not taken this quiz